000 00612nam a2200241 a 4500
001 0001-1002
003 ELIB.Books
008 141016 2010 eng
020 _a6621999 (LCCCN)
035 _a(ELIB.Books)0001-1156
092 _a268.4331
_bMac
100 _aMace, David R.
245 _aYouth Considers marriage
260 _aLondon
_bThomas Nelson & Sons
_c1966
300 _a15194
_c22.3 Cm
500 _aDr. Yahalaylayla
650 _aR.E Youth
856 _nKBTS; Library
_uKBTS; Elib.
942 _2ddc
_cBK
990 _a1
998 _cbat
_e2014-10-16
999 _c11002
_d11002